000 00679nam a2200205Ia 4500
001 4251
003 GE_BSU
008 181216s||||||||xx |||||||||||||| ||und||
040 _cGE_BSU
080 _a662.753.12
100 _aГуреев,А.А. Серегин,Е.П. Азев,В.С.
245 _aКвалификационные методы испытания нефтяных топлив.
245 _cРед. И.А. Захаръянц.
260 _aМ.
260 _bХимия.
260 _c1984.
300 _a200 стр. 21 см.с илл.
653 _aКвалификационные методы испытания нефтяных топлив.
942 _cBK
999 _c38261
_d38261